00555nam a2200157Ia 4500003000900000008004100009040001600050080001700066110003600083245014500119260005300264300001200317650001400329650002200343650003200365IN-BaIIA211028s9999 xx 000 0 eng d cIIA Library a92:5bINSA-7 aIndian National Science Academy 0aBiographical memoirs of fellows of the Indian national science academybvol. 7cIndian National Science Academy  aNew DelhibIndian National Science Academyc1983 av, 201p aBiography aBiography-Memoirs aIndian Scientists-Biography